Vegetable seed production technology of Japan. Elucidated with respective variety development histories particulars. Volume II

Đã lưu trong:
Bibliografiske detaljer
Hovedforfatter: Suteki Shinohara
Format: Bog
Sprog:Undetermined
Udgivet: Japan Japan International Cooperation Agency 1989
Fag:
Tags: Tilføj Tag
Ingen Tags, Vær først til at tagge denne postø!
Thư viện lưu trữ: Trung tâm Học liệu Trường Đại học Cần Thơ
LEADER 00626nam a2200181Ia 4500
001 CTU_38789
008 210402s9999 xx 000 0 und d
082 |a 635.0421 
082 |b S555 
100 |a Suteki Shinohara 
245 0 |a Vegetable seed production technology of Japan. Elucidated with respective variety development histories particulars. Volume II 
245 0 |c Suteki Shinohara 
260 |a Japan 
260 |b Japan International Cooperation Agency 
260 |c 1989 
650 |a seed - production,vegetables - varieties 
904 |i Liên, 9990910 
980 |a Trung tâm Học liệu Trường Đại học Cần Thơ